LEADER 02869nam 22006015 450 001 996465965703316 005 20200706032511.0 010 $a3-642-40148-1 024 7 $a10.1007/978-3-642-40148-0 035 $a(CKB)3710000000015897 035 $a(SSID)ssj0000988223 035 $a(PQKBManifestationID)11549749 035 $a(PQKBTitleCode)TC0000988223 035 $a(PQKBWorkID)10951513 035 $a(PQKB)11696000 035 $a(DE-He213)978-3-642-40148-0 035 $a(MiAaPQ)EBC3093303 035 $a(PPN)172429048 035 $a(EXLCZ)993710000000015897 100 $a20130802d2013 u| 0 101 0 $aeng 135 $aurnn|008mamaa 181 $ctxt 182 $cc 183 $acr 200 10$aNetworked Systems$b[electronic resource] $eFirst International Conference, NETYS 2013, Marrakech, Marocco, May 2-4, 2013, Revised Selected Papers /$fedited by Vincent Gramoli, Rachid Guerraoui 205 $a1st ed. 2013. 210 1$aBerlin, Heidelberg :$cSpringer Berlin Heidelberg :$cImprint: Springer,$d2013. 215 $a1 online resource (X, 332 p. 112 illus.) 225 1 $aComputer Communication Networks and Telecommunications ;$v7853 300 $aBibliographic Level Mode of Issuance: Monograph 311 $a3-642-40147-3 327 $aMulti-core architectures -- Middleware -- Environments -- Storage clusters.- Sensor, wireless and mobile networks. 330 $aThis book constitutes the revised selected papers of the First International Conference on Networked Systems, NETYS 2013, held in Marrakech, Morocco, in May 2013. The 33 papers (17 regular and 16 short papers) presented were carefully reviewed and selected from 74 submissions. They address major topics from theory and practice of networked systems: multi-core architectures, middleware, environments, storage clusters, as well as peer-to-peer, sensor, wireless, and mobile networks. 410 0$aComputer Communication Networks and Telecommunications ;$v7853 606 $aComputer communication systems 606 $aAlgorithms 606 $aComputer Communication Networks$3https://scigraph.springernature.com/ontologies/product-market-codes/I13022 606 $aAlgorithm Analysis and Problem Complexity$3https://scigraph.springernature.com/ontologies/product-market-codes/I16021 615 0$aComputer communication systems. 615 0$aAlgorithms. 615 14$aComputer Communication Networks. 615 24$aAlgorithm Analysis and Problem Complexity. 676 $a001.64404 702 $aGramoli$b Vincent$4edt$4http://id.loc.gov/vocabulary/relators/edt 702 $aGuerraoui$b Rachid$4edt$4http://id.loc.gov/vocabulary/relators/edt 801 0$bMiAaPQ 801 1$bMiAaPQ 801 2$bMiAaPQ 906 $aBOOK 912 $a996465965703316 996 $aNetworked Systems$92499603 997 $aUNISA LEADER 02912nam 2200733Ia 450 001 9910970407203321 005 20200520144314.0 010 $a9781118536322 010 $a1118536320 010 $a9781118536292 010 $a1118536290 035 $a(CKB)2560000000103326 035 $a(EBL)1207854 035 $a(OCoLC)852756815 035 $a(SSID)ssj0000886008 035 $a(PQKBManifestationID)11539636 035 $a(PQKBTitleCode)TC0000886008 035 $a(PQKBWorkID)10815647 035 $a(PQKB)10693746 035 $a(MiAaPQ)EBC1207854 035 $a(DLC) 2013013681 035 $a(Au-PeEL)EBL1207854 035 $a(CaPaEBR)ebr10716722 035 $a(CaONFJC)MIL496095 035 $a(MiAaPQ)EBC7103783 035 $a(Au-PeEL)EBL7103783 035 $a(Perlego)1003962 035 $a(EXLCZ)992560000000103326 100 $a20070322d2013 uy 0 101 0 $aeng 135 $aur|n|---||||| 181 $ctxt 182 $cc 183 $acr 200 10$aEngineering informatics $efundamentals of computer-aided engineering /$fBenny Raphael, Ian F.C. Smith 205 $a2nd ed. 210 $aChicester $cJohn Wiley & Sons$dc2013 215 $a1 online resource (357 p.) 225 1 $aNew York Academy of Sciences 300 $aDescription based upon print version of record. 311 08$a9781118536308 311 08$a1118536304 311 08$a9781119953418 311 08$a1119953413 320 $aIncludes bibliographical references and index. 327 $aIntroduction -- Complexity -- Datastruct -- Objects -- Databases -- Comp mechanics -- Constraints -- Optsearch -- Knowledge systems -- Machine learning -- Geom-modeling -- Graphics -- Distributed-applications. 330 $a Computers are ubiquitous throughout all life-cycle stages of engineering, from conceptual design to manufacturing maintenance, repair and replacement. It is essential for all engineers to be aware of the knowledge behind computer-based tools and techniques they are likely to encounter. The computational technology, which allows engineers to carry out design, modelling, visualisation, manufacturing, construction and management of products and infrastructure is known as Computer-Aided Engineering (CAE). Engineering Informatics: Fundamentals of Computer-Aided Engineering, 2nd Editio 410 0$aNew York Academy of Sciences 606 $aComputer-aided engineering 606 $aEngineering$xData processing 615 0$aComputer-aided engineering. 615 0$aEngineering$xData processing. 676 $a620.00285 686 $a620.00285$2njb/09 686 $a501.8$2njb/09 686 $a007.13$2njb/09 701 $aSmith$b Ian F. C$0854924 801 0$bMiAaPQ 801 1$bMiAaPQ 801 2$bMiAaPQ 906 $aBOOK 912 $a9910970407203321 996 $aEngineering informatics$94363149 997 $aUNINA LEADER 03770nam 22007335 450 001 9910298623303321 005 20200705024919.0 010 $a3-662-45204-9 024 7 $a10.1007/978-3-662-45204-2 035 $a(CKB)3710000000291654 035 $a(EBL)1966132 035 $a(OCoLC)897115946 035 $a(SSID)ssj0001386333 035 $a(PQKBManifestationID)11860970 035 $a(PQKBTitleCode)TC0001386333 035 $a(PQKBWorkID)11373774 035 $a(PQKB)10418226 035 $a(DE-He213)978-3-662-45204-2 035 $a(MiAaPQ)EBC1966132 035 $a(iGPub)SPNA0035091 035 $a(PPN)183089901 035 $a(EXLCZ)993710000000291654 100 $a20141125d2015 u| 0 101 0 $aeng 135 $aur|n|---||||| 181 $ctxt 182 $cc 183 $acr 200 10$aAntifouling Surfaces and Materials $eFrom Land to Marine Environment /$fedited by Feng Zhou 205 $a1st ed. 2015. 210 1$aBerlin, Heidelberg :$cSpringer Berlin Heidelberg :$cImprint: Springer,$d2015. 215 $a1 online resource (179 p.) 300 $aDescription based upon print version of record. 311 $a3-662-45203-0 320 $aIncludes bibliographical references at the end of each chapters. 327 $aAntifouling Self-Cleaning Surface -- Antifouling Surfaces of Self-assembled Thin Layer -- Anti-fouling Surfaces Based on Polymer Brushes -- Antifouling of Micro/nano Structural Surfaces -- Antifouling Based on Biocides: from Toxic to Green -- Development of Marine Antifouling Coatings -- Effect of Boundary Slippage on Foul Release. 330 $aThis book reviews the development of antifouling surfaces and materials for both land and marine environments, with an emphasis on marine antibiofouling. It explains the differences and intrinsic relationship between antifouling in land and marine environments, which are based on superhydrophobicity and superhydrophilicity respectively. It covers various topics including biomimetic antifouling and self-cleaning surfaces, grafted polymer brushes and micro/nanostructure surfaces with antifouling properties, as well as marine antibiofouling. Marine antibiofouling includes both historical biocidal compounds (tributyltin, copper and zinc) and current green, non-toxic antifouling strategies. This book is intended for those readers who are interested in grasping the fundamentals and applications of antifouling. Feng Zhou is a professor at the State Key Laboratory of Solid Lubrication, Lanzhou Institute of Chemical Physics, Chinese Academy of Sciences. 606 $aMaterials?Surfaces 606 $aThin films 606 $aPolymers 606 $aBiomaterials 606 $aBiotechnology 606 $aSurfaces and Interfaces, Thin Films$3https://scigraph.springernature.com/ontologies/product-market-codes/Z19000 606 $aPolymer Sciences$3https://scigraph.springernature.com/ontologies/product-market-codes/C22008 606 $aBiomaterials$3https://scigraph.springernature.com/ontologies/product-market-codes/Z13000 606 $aBiotechnology$3https://scigraph.springernature.com/ontologies/product-market-codes/C12002 615 0$aMaterials?Surfaces. 615 0$aThin films. 615 0$aPolymers. 615 0$aBiomaterials. 615 0$aBiotechnology. 615 14$aSurfaces and Interfaces, Thin Films. 615 24$aPolymer Sciences. 615 24$aBiomaterials. 615 24$aBiotechnology. 676 $a541.2254 676 $a620.11 676 $a620.44 676 $a660.6 702 $aZhou$b Feng$4edt$4http://id.loc.gov/vocabulary/relators/edt 906 $aBOOK 912 $a9910298623303321 996 $aAntifouling Surfaces and Materials$91921253 997 $aUNINA